[Event "XLIV Capablanca Memorial Open"]
[Site "Havana CUB"]
[Date "2009.06.11"]
[Round "4"]
[White "Pazos,M"]
[Black "Guerra Mendez,J"]
[Result "0-1"]
[WhiteElo "1973"]
[BlackElo "2420"]

1.d4 Nf6 2.Nf3 e6 3.c4 b6 4.a3 Bb7 5.Nc3 d5 6.cxd5 Nxd5 7.e3 Nxc3 8.bxc3 Be7
9.Bb5+ c6 10.Bd3 O-O 11.O-O c5 12.e4 Qc7 13.Qe2 Nc6 14.Bb2 Rad8 15.Rad1 g6
16.Rfe1 Rfe8 17.Qe3 e5 18.d5 Na5 19.Bb5 Rf8 20.Qh6 f6 21.Bf1 Rf7 22.Qe3 c4
23.h3 Bc8 24.Qe2 Bd7 25.g3 Bd6 26.Bg2 Qc8 27.Kh2 b5 28.Rf1 Nb3 29.Ne1 Nc5
30.Bc1 Re8 31.Be3 Na4 32.Qd2 Bxa3 33.Ra1 Bc5 34.f4 a6 35.fxe5 Rxe5 36.Bd4 Rh5
37.h4 Bxd4 38.cxd4 c3 39.Qe3 Qe8 40.Bf3 Rxd5 41.Rxa4 bxa4 42.Qxc3 Rb5 43.Nd3 Rb3
44.Qc2 Bb5 45.Rd1 Bxd3 46.Rxd3 Qb5 47.Be2 Rb2 48.Qd1 a3 49.Rd2 Rxd2  0-1

[Event "1st SCS GM Open"]
[Site "Bhubaneswar IND"]
[Date "2009.06.14"]
[Round "10"]
[White "Swapnil,SD"]
[Black "Sethuraman,S"]
[Result "0-1"]
[WhiteElo "2340"]
[BlackElo "2451"]

1.d4 Nf6 2.c4 e6 3.Nf3 b6 4.a3 Bb7 5.Nc3 d5 6.Bg5 Be7 7.Bxf6 Bxf6 8.cxd5 exd5
9.Qb3 O-O 10.Rd1 c5 11.e3 c4 12.Qc2 Nd7 13.g3 Bc6 14.Bg2 b5 15.O-O Rc8 16.e4 dxe4
17.Nxe4 Nb6 18.Ne5 Ba8 19.Rfe1 Re8 20.Nxf6+ Qxf6 21.Bxa8 Rxa8 22.Re4 Qd6
23.Rde1 Qd5 24.Rh4 g6 25.Qd2 f6 26.Ng4 Nd7 27.Ne3 Qf7 28.Rf4 Qe7 29.Ng2 Qd6
30.Rfe4 Rxe4 31.Rxe4 Nc5 32.Re2 Nb3 33.Qf4 Qxd4 34.Re7 Qxf4 35.Nxf4 a5 36.Nd5 Rf8
37.Rb7 Nd4 38.Nc3 Re8 39.Nxb5 Nf3+ 40.Kf1 Nd2+ 41.Kg2 Re2 42.Nc3 Re5 43.Rd7 Nb3
44.Nd5 Re6 45.Rc7 Nd2 46.Rc5 Ra6 47.h4 Kf7 48.Rc7+ Ke6 49.Nc3 h5 50.Rg7 Rb6
51.Na4 Rb5 52.Rxg6 Kf7 53.Rh6 Kg7 54.Nc3 Rc5 55.Na4 Re5  0-1

[Event "1st SCS GM Open"]
[Site "Bhubaneswar IND"]
[Date "2009.06.14"]
[Round "10"]
[White "Sriram,J"]
[Black "Joshi,GB"]
[Result "1-0"]
[WhiteElo "2453"]
[BlackElo "2282"]

1.Nf3 Nf6 2.d4 e6 3.c4 b6 4.a3 d5 5.Nc3 Be7 6.cxd5 exd5 7.Bf4 O-O 8.e3 c5
9.Be2 Bb7 10.O-O Nbd7 11.Ne5 Ne4 12.Nxe4 dxe4 13.Nxd7 Qxd7 14.dxc5 Qe6 15.cxb6 Rfd8
16.Qc2 Rac8 17.Qa4 Qxb6 18.b4 g5 19.Be5 Qe6 20.Bd4 Bd6 21.Rac1 Ra8 22.g3 Bd5
23.Qa5 f5 24.Qxd5 Qxd5 25.Bc4 Qxc4 26.Rxc4 a5 27.Bf6 Rdb8 28.Rd1 Bf8 29.Rd5 axb4
30.axb4 h6 31.b5 Ra5 32.Rxf5 Raxb5 33.Rxb5 Rxb5 34.Rxe4 Kf7 35.Bd4 h5 36.Kg2 Bd6
37.h3 Ra5 38.Bb6 Rb5 39.Bd8 Bb8 40.g4 h4 41.Ra4 Rd5 42.Bb6 Rb5 43.Bd4 Bd6
44.Ra7+ Ke6 45.Ra6 Ke7 46.Bc3 Kd7 47.Ra5  1-0

[Event "XXVII Open A"]
[Site "Balatonlelle HUN"]
[Date "2009.06.15"]
[Round "3"]
[White "Csiszar,C"]
[Black "Kragelj,I"]
[Result "1-0"]
[WhiteElo "2450"]
[BlackElo "2232"]

1.d4 Nf6 2.c4 e6 3.Nf3 b6 4.a3 Bb7 5.Nc3 d5 6.Bg5 Be7 7.Bxf6 Bxf6 8.cxd5 exd5
9.g3 O-O 10.Bg2 c5 11.O-O Na6 12.e3 Qe7 13.Rc1 Rfd8 14.Re1 Nc7 15.h4 g6 16.Qc2 Ne6
17.Rcd1 Rab8 18.Rd2 Bg7 19.Red1 Nc7 20.Rc1 Ne6 21.Qd1 Nc7 22.Ng5 h6 23.Nh3 cxd4
24.exd4 Ne6 25.Qa4 a6 26.Rcd1 Rbc8 27.Qb3 Qd6 28.Ne2 h5 29.Kh2 Rc4 30.Nhg1 b5
31.f4 Rc7 32.Nf3 Nf8 33.Ng5 Nd7 34.f5 Nf6 35.fxg6 fxg6 36.Nf4 Re7 37.Qb4 Qxb4
38.axb4 Rd6 39.Bh3 Ng4+ 40.Bxg4 hxg4 41.Rc1 Kf8 42.Kg2 Ke8 43.Kf1 Kd7 44.Rc3 Bc6
45.b3 Bf8 46.Kf2 Bg7 47.Re3 Rxe3 48.Kxe3 Rf6 49.Nd3 Kd6 50.Ra2 Bb7 51.Ne5 Rf1
52.Ngf7+ Ke6 53.Rc2 Bxe5 54.Nxe5 Kd6 55.Nxg4 Rb1 56.Rc3 a5 57.bxa5 b4 58.Rc5 Rxb3+
59.Kf4 Rd3 60.Rb5 Rxd4+ 61.Kg5 Bc6 62.Rb8 Bd7 63.Nf6 Bf5 64.h5 Kc7 65.h6  1-0

[Event "XLIV Capablanca Memorial Open"]
[Site "Havana CUB"]
[Date "2009.06.16"]
[Round "8"]
[White "Pazos,M"]
[Black "Quinones Centeno,Carlos"]
[Result "0-1"]
[WhiteElo "1973"]
[BlackElo "2166"]

1.d4 Nf6 2.Nf3 e6 3.c4 b6 4.a3 Bb7 5.Nc3 d5 6.cxd5 Nxd5 7.e3 g6 8.Bb5+ c6
9.Bc4 Bg7 10.O-O O-O 11.e4 Nxc3 12.bxc3 c5 13.Qd3 cxd4 14.cxd4 Nc6 15.Bg5 Qd6
16.Rad1 Na5 17.Ba2 Rac8 18.Rfe1 Rfe8 19.h4 Qc6 20.Qe3 Nc4 21.Qf4 Qd6 22.e5 Qxa3
23.Bb1 Bxf3 24.gxf3 Nb2 25.Rd2 Rc3 26.Kg2 Nd3 27.Rxd3 Rxd3 28.h5 Qb4 29.Bxd3 Qxe1
30.Bf6 Rc8 31.hxg6 hxg6 32.Bxg7 Rc1 33.Qh6 Qg1+ 34.Kh3 Qh1+ 35.Kg3 Qxh6 36.Bxh6 Rd1
37.Bb5 Rxd4 38.f4 a5 39.Bg5 Rb4 40.Bc6 a4 41.Be7 Rb3+ 42.Kg4 a3 43.Kg5 a2
44.Kf6 Rh3  0-1

[Event "Open"]
[Site "Teplice CZE"]
[Date "2009.06.16"]
[Round "4"]
[White "Marikova,J"]
[Black "Liska,Ji"]
[Result "0-1"]
[WhiteElo "1768"]
[BlackElo "1948"]

1.d4 Nf6 2.c4 e6 3.Nf3 b6 4.a3 Bb7 5.Nc3 Be7 6.Qc2 O-O 7.e4 d6 8.Bd3 Re8
9.O-O g6 10.Bg5 Nh5 11.Bxe7 Qxe7 12.b4 Nd7 13.Rab1 c5 14.d5 e5 15.Nd2 Rf8
16.Rbe1 Ndf6 17.f3 Nf4 18.Ne2 N6h5 19.Nxf4 Nxf4 20.Rf2 Rfc8 21.b5 a6 22.a4 axb5
23.axb5 Ra3 24.Bf1 Rca8 25.Nb3 Bc8 26.Rb1 Qa7 27.Rb2 Kg7 28.Kh1 h5 29.Rd2 g5
30.Rf2 Qe7 31.Qc3 Bd7 32.Qe3 Qf6 33.Qc3 Qg6 34.Rb1 Qf6 35.Ra1 Rxa1 36.Nxa1 Ng6
37.Qb2 Qf4 38.Nb3 Kh6 39.Nc1 Ra4 40.Qc2 Ra3 41.Nd3 Qe3 42.Rd2 f5 43.Nf2 fxe4
44.Nxe4 Bf5 45.Qb2 Bxe4 46.fxe4 Qe1 47.Rf2 Ra1 48.h3 Nf4 49.Qc2 Rc1 50.Qa2 Ra1
51.Qc2 g4 52.hxg4 hxg4 53.Kh2 Rc1 54.Qa2 Rc3 55.Kg1 g3 56.Rc2 Qe3+ 57.Kh1 Ra3
58.Qb1 Kg6 59.Qd1 Kg5 60.Qb1 Ra7  0-1

[Event "XXVII Open A"]
[Site "Balatonlelle HUN"]
[Date "2009.06.18"]
[Round "6"]
[White "Czebe,A"]
[Black "Baquero,L"]
[Result "1-0"]
[WhiteElo "2472"]
[BlackElo "2278"]

1.d4 Nf6 2.c4 e6 3.Nf3 b6 4.a3 Bb7 5.Nc3 d5 6.Bg5 Be7 7.Qa4+ c6 8.Bxf6 Bxf6
9.cxd5 exd5 10.g3 O-O 11.Bg2 Re8 12.O-O Na6 13.Rfd1 Nc7 14.e3 g6 15.Ne2 Ne6
16.Rac1 Qd6 17.Nf4 Re7 18.Nd3 c5 19.dxc5 Nxc5 20.Nxc5 bxc5 21.b4 Rc8 22.Qb5 Qb6
23.Qa4 cxb4 24.Rxc8+ Bxc8 25.axb4 Be6 26.h3 Rb7 27.Nd4 Bd7 28.Qa2 Be6 29.Qa4 Bxd4
30.Rxd4 Rc7  1-0

[Event "13th Master Open"]
[Site "Voronezh RUS"]
[Date "2009.06.18"]
[Round "7"]
[White "Ulko,J"]
[Black "Korotylev,A"]
[Result "1/2-1/2"]
[WhiteElo "2489"]
[BlackElo "2607"]

1.d4 Nf6 2.c4 e6 3.Nf3 b6 4.a3 Ba6 5.Qc2 c5 6.d5 exd5 7.cxd5 g6 8.Bf4 d6
9.Nc3 Bg7 10.Qa4+ Qd7 11.Bxd6 Qxa4 12.Nxa4 Nxd5 13.O-O-O Ne7 14.e4 Bxf1 15.Rhxf1 Nbc6
16.Nc3 Bxc3 17.bxc3 O-O 18.Bxe7  1/2-1/2

[Event "ZMD Open"]
[Site "Dresden GER"]
[Date "2009.07.02"]
[Round "9"]
[White "Sanikidze,T"]
[Black "Genov,Peta"]
[Result "1-0"]
[WhiteElo "2559"]
[BlackElo "2478"]

1.d4 Nf6 2.c4 e6 3.Nf3 b6 4.a3 Bb7 5.Nc3 d5 6.cxd5 Nxd5 7.e3 Be7 8.Bb5+ c6
9.Bd3 Nd7 10.O-O O-O 11.e4 Nxc3 12.bxc3 c5 13.a4 Rc8 14.Qe2 Qc7 15.Be3 Rfd8
16.Ng5 Nf8 17.f4 cxd4 18.cxd4 Bxg5 19.fxg5 Rd7 20.Rac1 Qd8 21.Rxc8 Qxc8 22.h4 Qa8
23.Qf3 Qd8 24.h5 Bc6 25.h6 Ng6 26.Bb5 Bxb5 27.axb5 Qe8 28.Rc1 Re7 29.Rc6 Rd7
30.Qf1 Qe7 31.Qc1 gxh6 32.gxh6 f6 33.Qc4 Nf8 34.Bd2 Rd6 35.Bb4 Rxc6 36.bxc6 Qe8
37.c7 Qc8 38.Bxf8 Kxf8 39.d5 exd5 40.exd5 Ke7 41.Qc6 Qg4 42.Qe6+  1-0

[Event "37th Greek Teams"]
[Site "Kallithea GRE"]
[Date "2009.07.05"]
[Round "5"]
[White "Papadopoulos,Panay"]
[Black "Gkikas,H"]
[Result "1/2-1/2"]
[WhiteElo "1899"]
[BlackElo "1865"]

1.c4 Nf6 2.d4 e6 3.Nf3 b6 4.a3 Bb7 5.Nc3 d5 6.Bg5 Be7 7.e3 O-O 8.Bd3 Ne4
9.Bxe7 Qxe7 10.O-O Nd7 11.Ne2 f5 12.b4 g5 13.Qc2 c5 14.bxc5 bxc5 15.Rab1 Rab8
16.Qa4 dxc4 17.Bxe4 Bxe4 18.Rxb8 Rxb8 19.Qxa7 g4 20.Ne5  1/2-1/2

[Event "37th Greek Teams"]
[Site "Kallithea GRE"]
[Date "2009.07.05"]
[Round "5"]
[White "Boutsioukis,N"]
[Black "Balomenakis,H"]
[Result "1-0"]
[WhiteElo "1906"]
[BlackElo "1876"]

1.d4 Nf6 2.c4 e6 3.Nf3 b6 4.a3 Bb7 5.Nc3 g6 6.Bg5 h6 7.Bh4 Bg7 8.e3 O-O 9.Bd3 d6
10.Qe2 Nbd7 11.O-O a6 12.e4 Qe8 13.Rac1 Nh5 14.Qe3 f5 15.exf5 exf5 16.Rfe1 Qf7
17.Nd5 Bxd5 18.cxd5 Rae8 19.Qd2 Rxe1+ 20.Rxe1 Ndf6 21.Bxf6 Nxf6 22.Bxa6 Ne4
23.Qc2 g5 24.h3 Re8 25.Bd3 g4 26.hxg4 fxg4 27.Nh4 Nf6 28.Rxe8+ Nxe8 29.Bh7+ Kh8
30.Ng6+ Kxh7 31.Ne5+ Kg8 32.Nxf7 Kxf7 33.Qf5+ Nf6 34.Qe6+ Kg6 35.a4 Kg5 36.Qe7 Kg6
37.Qxc7 Ne4 38.Qc2 Kf5 39.f3 Bxd4+ 40.Kf1 gxf3 41.gxf3 Be5 42.Qxe4+  1-0

[Event "37th Greek Teams"]
[Site "Kallithea GRE"]
[Date "2009.07.08"]
[Round "8"]
[White "Mchedlishvili,M"]
[Black "Grigorov,G"]
[Result "1-0"]
[WhiteElo "2592"]
[BlackElo "2489"]

1.d4 Nf6 2.c4 e6 3.Nf3 b6 4.a3 Bb7 5.Nc3 d5 6.cxd5 Nxd5 7.e3 g6 8.Bb5+ c6
9.Bd3 Bg7 10.Na4 Nd7 11.e4 Ne7 12.O-O O-O 13.Bg5 h6 14.Be3 Kh7 15.h4 f5 16.h5 f4
17.hxg6+ Nxg6 18.e5 fxe3 19.fxe3 Rf5 20.Qc2 Ndf8 21.Bxf5 exf5 22.Qxf5 Kg8
23.Nc3 Qd7 24.Qh5 c5 25.Rad1 cxd4 26.Nxd4 Qe8 27.e6 Nxe6 28.Nf5 Kh7 29.Nd6 Qc6
30.Nd5 Rf8 31.Nf7 Nef4 32.Ng5+ Kg8 33.exf4 hxg5 34.f5 Qc5+ 35.Kh1 Nh4 36.b4 Qxd5
37.Rxd5 Bxd5 38.Rf2 Nxf5 39.Qxg5 Be4 40.Rf4 Bd3 41.g4 Ng3+ 42.Kg2 Rxf4 43.Qxf4 Ne2
44.Qb8+ Kh7 45.Qxa7 b5 46.Qe3 Bc4 47.a4 Bd4 48.Qe7+ Kg6 49.a5 Bd5+ 50.Kf1 Nf4
51.a6 Bc4+ 52.Ke1 Bc3+ 53.Kd1 Bb3+ 54.Kc1 Nd3+ 55.Kb1 Nxb4 56.Qd6+  1-0

[Event "FSIMB July"]
[Site "Budapest HUN"]
[Date "2009.07.09"]
[Round "6"]
[White "Koppenhoefer,B"]
[Black "Petran,Pa"]
[Result "0-1"]
[WhiteElo "2160"]
[BlackElo "2369"]

1.d4 Nf6 2.Nf3 e6 3.c4 b6 4.a3 Ba6 5.Qc2 Bb7 6.Nc3 c5 7.dxc5 bxc5 8.e4 d6
9.Bf4 e5 10.Bg5 Be7 11.b4 cxb4 12.axb4 O-O 13.Bd3 Nc6 14.Ra4 a5 15.bxa5 Rxa5
16.O-O Rxa4 17.Qxa4 Qa5 18.Qxa5 Nxa5 19.Rb1 Ba6 20.Nb5 Nb7 21.Be3 Nd7 22.Nc7 Nbc5
23.Nxa6 Nxa6 24.Rb7 Rd8 25.Bc2 Kf8 26.Nd2 Nac5 27.Ra7 h6 28.Kf1 Bg5 29.Bxg5 hxg5
30.Ba4 Nxa4 31.Rxa4 Rb8 32.Ra2 Nc5 33.Ke2 g6 34.Ke3 Ke7 35.g3 Rh8 36.Nb1 Rxh2
37.Nc3 Rh1 38.Kf3 Rc1 39.Nd5+ Kf8 40.Ne3 Rb1 41.Ra8+ Kg7 42.Rd8 Rb6 43.Nd5 Ra6
44.Ne7 Ra3+ 45.Kg2 Ra7 46.Nc8 Ra8 47.Re8 Nxe4 48.Nxd6 Rxe8 49.Nxe8+ Kf8 50.Nc7 Ke7
51.Na6 Kd6 52.f3 Nd2 53.c5+ Kc6 54.Kf2 Nb3 55.Nb8+ Kxc5 56.Nd7+ Kd6 57.Nf6 Ke7
58.Ne4 f6 59.g4 Nd4 60.Nc3 f5 61.Ke3 Ke6 62.Na4 Kd6 63.Nb6 Nc6 64.Kd3 Ne7
65.Kc4 Kc6 66.Na4 Nd5 67.Nc5 Ne3+ 68.Kb4 Nc2+ 69.Kc4 Ne1  0-1

[Event "IM"]
[Site "Saint-Lo FRA"]
[Date "2009.07.09"]
[Round "4"]
[White "Song,Ju"]
[Black "Jolly,J"]
[Result "1/2-1/2"]
[WhiteElo "2319"]
[BlackElo "2366"]

1.d4 Nf6 2.c4 e6 3.Nf3 b6 4.a3 Ba6 5.Qb3 d5 6.cxd5 exd5 7.Nc3 Be7 8.Bg5 c6
9.Bxf6 Bxf6 10.e4 Bxf1 11.Rxf1 dxe4 12.Nxe4 O-O 13.O-O-O Nd7 14.Ne5 Bxe5
15.dxe5 Qe7 16.f4 Nc5 17.Qc2 Nxe4 18.Qxe4 Rae8 19.Kb1 f6 20.Rfe1 fxe5 21.fxe5 Qe6
22.Re2 Rd8 23.Rd3 h6 24.Kc2 c5 25.Rxd8 Rxd8 26.Rd2 Re8 27.Re2 Rd8 28.Rd2 Re8
29.Re2 Rd8  1/2-1/2

[Event "19th Heart of Finland Open"]
[Site "Jyvaskyla FIN"]
[Date "2009.07.10"]
[Round "7"]
[White "De Andres Gonalons,F"]
[Black "Koskela,N"]
[Result "0-1"]
[WhiteElo "2074"]
[BlackElo "2236"]

1.d4 Nf6 2.c4 e6 3.Nf3 b6 4.a3 Ba6 5.e3 d5 6.Nc3 Be7 7.Be2 O-O 8.Ne5 c6 9.cxd5 Bxe2
10.Qxe2 cxd5 11.Bd2 a6 12.O-O Nfd7 13.f4 f6 14.Nxd7 Qxd7 15.Qf3 f5 16.Rac1 Nc6
17.Ne2 Rac8 18.g4 fxg4 19.Qxg4 Bd6 20.Ng3 Ne7 21.Kh1 Rxc1 22.Rxc1 Rc8 23.Bc3 Nf5
24.Qf3 Be7 25.Qe2 b5 26.Qd3 g6 27.Nxf5 exf5 28.Bd2 Kf7 29.Kg2 h6 30.Rxc8 Qxc8
31.Kf3 g5 32.fxg5 hxg5 33.Be1 Ke6 34.Qc3 Qc4 35.Qxc4 bxc4 36.h3 Kd7 37.Bg3 Kc6
38.Ke2 Kb5 39.Kd2 Ka4 40.Kc3 Bd8 41.Be5 g4 42.hxg4 fxg4 43.Bg3 Ba5+ 44.Kc2 Kb5
45.b3 cxb3+ 46.Kxb3 Bd2 47.Bf2 Bc1 48.a4+ Kc6 49.Kc2 Ba3 50.Kd3 Bd6 51.e4 Bh2
52.Be3 Kd6 53.Bh6 Ke6 54.Bg5 Kd6 55.Bh6 Kc6 56.Bg5 Bg1 57.Bh4 Bh2 58.Bg5 Kd6
59.Bh6 Ke6 60.Bg5 Bc7 61.Ke3 g3 62.e5 Kf5 63.Be7 Bb6 64.Bh4 g2 65.Bf2 Kg4
66.Kd3 Kf3 67.Bg1 Ba5 68.e6 Bb4 69.Be3 Be7 70.Bg1 Bg5 71.Kc3 a5 72.Kd3 Be7
73.Kd2 Bf6 74.Kd1 Be7 75.Kd2 Bd6 76.Kd1 Bb4 77.Kc2 Ke2 78.Bh2 Be7 79.Kc3 Bg5
80.Kc2 Be7 81.Kc3 Ke3 82.Bg1+ Ke2 83.Bh2 Bb4+ 84.Kc2 Kf1 85.Kd3 g1=Q 86.Bxg1 Kxg1
87.Ke3 Bd6 88.Kf3 Kf1 89.Kg4 Ke2  0-1

[Event "XXXII Open"]
[Site "Barbera ESP"]
[Date "2009.07.11"]
[Round "8"]
[White "Cruz,Cr"]
[Black "Bregadze,L"]
[Result "0-1"]
[WhiteElo "2525"]
[BlackElo "2426"]

1.c4 Nf6 2.d4 e6 3.Nf3 b6 4.a3 Bb7 5.Bg5 Be7 6.Nc3 O-O 7.Qc2 d5 8.cxd5 Nxd5
9.Bxe7 Qxe7 10.Nxd5 Bxd5 11.e4 Bb7 12.Bd3 c5 13.dxc5 Rc8 14.O-O Rxc5 15.Qe2 Nd7
16.b4 Rc7 17.Nd4 Ne5 18.Bb5 Rd8 19.Rad1 Qf6 20.Kh1 Ng6 21.Qe3 a6 22.Be2 Rcd7
23.Nf3 Qb2 24.Rb1 Qc2 25.Ng5 h6 26.Rbc1 Qd2 27.Nf3 Qxe3 28.fxe3 Bxe4 29.Bxa6 Bd3
30.Bc8 Ra7 31.Rfd1 Rxa3 32.Bb7 Rb8 33.Bc6 Be2 34.Re1 Bxf3 35.gxf3 Ne5 36.b5 Nd3
37.Ra1 Rc3 38.Reb1 Ne5  0-1

[Event "12th Open"]
[Site "Malaga ESP"]
[Date "2009.07.11"]
[Round "1"]
[White "Levin,F"]
[Black "Morales de la Rosa,E"]
[Result "1-0"]
[WhiteElo "2491"]
[BlackElo "1993"]

1.d4 Nf6 2.c4 e6 3.Nf3 b6 4.a3 Bb7 5.Nc3 Be7 6.d5 O-O 7.e4 d6 8.Bd3 e5 9.h3 Nbd7
10.Be3 Nc5 11.Bc2 a5 12.b4 Na6 13.Rb1 Bc8 14.Ba4 axb4 15.axb4 Bd7 16.O-O Bxa4
17.Qxa4 Nc5 18.Qc2 Ncd7 19.Ra1 Ne8 20.Nb5 f5 21.exf5 Bf6 22.Na7 Kh8 23.Nc6 Qc8
24.Nd2 e4 25.Rxa8 Qxa8 26.Nxe4 Ne5 27.Nxf6 Nxf6 28.b5 Qe8 29.Nd4 Qf7 30.Ra1 Ne8
31.Ne6 Rg8 32.Bd4 Nd7 33.Ra7 Ndf6 34.Bxb6  1-0

[Event "32nd Aegean Open"]
[Site "Aghios Kirykos GRE"]
[Date "2009.07.12"]
[Round "2"]
[White "Tjiam,D"]
[Black "Van Weersel,A"]
[Result "1-0"]
[WhiteElo "2381"]
[BlackElo "2204"]

1.d4 Nf6 2.c4 e6 3.Nf3 b6 4.a3 Bb7 5.Nc3 d5 6.cxd5 exd5 7.g3 Be7 8.Bg2 O-O
9.O-O Nbd7 10.Bf4 Nh5 11.Qb3 Nxf4 12.gxf4 Nf6 13.Ne5 Ne4 14.Rfc1 Bd6 15.e3 Qh4
16.Qc2 Bxe5 17.dxe5 Nxc3 18.bxc3 Rae8 19.c4 Re6 20.cxd5 Rh6 21.h3 Bc8 22.f5 Rh5
23.Qc4 Qg5 24.Qg4 Bxf5 25.Qxg5 Rxg5 26.f4 Rg6 27.Kf2 Rc8 28.Rc3 Kf8 29.Rac1 c5
30.dxc6 Rc7 31.Rc4 Rh6 32.Kg3 Ke7 33.Rd4 f6 34.exf6+ gxf6 35.Kf2 Bxh3 36.Rh1 Rh5
37.Rxh3  1-0

[Event "19th Heart of Finland Open"]
[Site "Jyvaskyla FIN"]
[Date "2009.07.12"]
[Round "9"]
[White "De Andres Gonalons,F"]
[Black "Alho,S"]
[Result "1-0"]
[WhiteElo "2074"]
[BlackElo "2181"]

1.d4 Nf6 2.c4 e6 3.Nf3 b6 4.a3 Bb7 5.Nc3 Ne4 6.Nxe4 Bxe4 7.e3 Be7 8.Bd3 f5
9.Bxe4 fxe4 10.Nd2 O-O 11.Nxe4 d5 12.Nc3 c6 13.cxd5 exd5 14.O-O Bf6 15.Bd2 Nd7
16.Qa4 b5 17.Qc2 Rc8 18.Rac1 Re8 19.Ne2 Nf8 20.Nf4 Ne6 21.Nxe6 Rxe6 22.Qd3 Qe8
23.f3 Qh5 24.Kh1 Bd8 25.e4 Qg6 26.Qb3 Bb6 27.Rce1 Rce8 28.exd5 Re2 29.dxc6+ Kh8
30.Rxe2 Rxe2 31.Rg1 Rxd2 32.Qb4  1-0

[Event "IM"]
[Site "Saint-Lo FRA"]
[Date "2009.07.13"]
[Round "8"]
[White "Song,Ju"]
[Black "Coursaget,N"]
[Result "1/2-1/2"]
[WhiteElo "2319"]
[BlackElo "2339"]

1.d4 Nf6 2.c4 e6 3.Nf3 b6 4.a3 Bb7 5.Nc3 Be7 6.d5 d6 7.g3 e5 8.Bg2 O-O 9.O-O Nbd7
10.Ne1 a5 11.Rb1 Ba6 12.b3 g6 13.e4 Nc5 14.b4 axb4 15.axb4 Ncd7 16.b5 Bc8
17.Nd3 Nh5 18.Nb4 Bg5 19.f4 exf4 20.gxf4 Bh6 21.Nd3 Bg7 22.Bb2 Bd4+ 23.Kh1 Nc5
24.Nxc5 Bxc5  1/2-1/2

[Event "ch-SCO"]
[Site "Edinburgh SCO"]
[Date "2009.07.16"]
[Round "6"]
[White "Thomson,C"]
[Black "Panchanathan,M"]
[Result "0-1"]
[WhiteElo "2320"]
[BlackElo "2493"]

1.d4 Nf6 2.Nf3 e6 3.c4 b6 4.a3 Ba6 5.Qb3 c5 6.d5 exd5 7.cxd5 c4 8.Qc2 b5
9.Nc3 Bc5 10.Bg5 O-O 11.e3 h6 12.Bh4 Be7 13.Bg3 Qa5 14.Rd1 b4 15.axb4 Bxb4
16.Be2 Nxd5 17.Rc1 Nf6 18.O-O d5 19.Nd4 Bb7 20.Ncb5 Nc6 21.Nxc6 Bxc6 22.Nd4 Ba4
23.b3 cxb3 24.Nxb3 Qb6 25.Bc7 Qe6 26.Qa2 Bxb3 27.Qxb3 a5 28.Qa4 Ne4 29.Rc6 Nc3
30.Rxe6 Nxa4 31.Rc6 Nc3 32.Ba6 Rfe8 33.Ra1 Re6 34.Bxa5 Rxc6 35.Bxb4 Ne4  0-1

[Event "Lake Sevan GM"]
[Site "Martuni ARM"]
[Date "2009.07.16"]
[Round "7"]
[White "Lysyj,I"]
[Black "Zhigalko,S"]
[Result "1-0"]
[WhiteElo "2617"]
[BlackElo "2621"]

1.d4 Nf6 2.c4 e6 3.Nf3 b6 4.a3 Ba6 5.Qb3 Be7 6.Nc3 d5 7.cxd5 Nxd5 8.e4 Bxf1
9.Kxf1 Nxc3 10.Qxc3 O-O 11.g3 Qc8 12.Kg2 Qb7 13.Re1 Nd7 14.Bf4 Bd6 15.Qe3 Rfe8
16.Rac1 Rad8 17.b4 b5 18.Qc3 Qa6 19.Bg5 f6 20.Be3 Nb6 21.e5 Bf8 22.exf6 gxf6
23.Qxc7 Nd5 24.Qc6 Qxa3 25.Bd2 Qb3 26.Qxb5 Rb8 27.Qa6 Nxb4 28.Bxb4 Bxb4 29.Re3 Qd5
30.Qxa7 Bf8 31.Qa4 Rec8 32.Rxc8 Rxc8 33.Qa6 Rc6 34.Qa8 Kf7 35.Rb3 Rd6 36.Rb7+ Kg8
37.Qc8 Qc6 38.Rc7 Qb6 39.Rd7 Qc6 40.Rc7 Qb6 41.Rb7 Qc6 42.Qb8 Rd7 43.Rb6 Qd5
44.Qe8 Re7 45.Qc8 Kg7 46.Rb8 Rf7 47.h4 Kg8 48.Rb6 Rd7 49.Qb8 Kg7 50.Qe8 Re7
51.Qc8 Kg8 52.Qa6 Kf7 53.Rd6 Qe4 54.d5 exd5 55.Rxf6+ Kg8 56.Rf4 Qe6 57.Qd3 h6
58.Nd4 Qd7 59.Qg6+ Bg7 60.Nf5  1-0

[Event "Corporation Centre Cup"]
[Site "Izhevsk RUS"]
[Date "2009.07.17"]
[Round "3"]
[White "Gazizov,I"]
[Black "Karavaeva,N"]
[Result "1-0"]
[WhiteElo "2190"]
[BlackElo "1958"]

1.d4 Nf6 2.c4 e6 3.Nf3 b6 4.a3 Bb7 5.Nc3 Be7 6.d5 exd5 7.cxd5 Ba6 8.g3 O-O
9.Bg2 d6 10.Nd4 Ng4 11.O-O Bf6 12.h3 Bxd4 13.Qxd4 Ne5 14.f4 Ned7 15.b4 f5
16.Bb2 Qe7 17.Rfe1 Qf7 18.e4 Qg6 19.Kh2 fxe4 20.Nxe4 h6 21.Rac1 Re8 22.Nxd6 cxd6
23.Rc8 Bxc8 24.Rxe8+ Nf8 25.Rxc8 Qf7 26.Be4 a5 27.Bf5 Kh8 28.Be6 Qe7 29.Re8  1-0

[Event "Corporation Centre Cup"]
[Site "Izhevsk RUS"]
[Date "2009.07.19"]
[Round "5"]
[White "Nelyubin,G"]
[Black "Husnullin,R"]
[Result "1/2-1/2"]
[WhiteElo "2004"]
[BlackElo "2207"]

1.d4 Nf6 2.c4 e6 3.Nf3 b6 4.a3 Bb7 5.Nc3 d5 6.cxd5 Nxd5 7.e3 g6 8.Bb5+ c6
9.Bd3 Nxc3 10.bxc3 Bg7 11.e4 c5 12.Bg5 Qc7 13.Rc1 h6 14.Be3 Nd7 15.h4 c4
16.Bb1 O-O-O 17.Nd2 f5 18.f3 Kb8 19.Qa4 Rc8 20.Ba2 fxe4 21.fxe4 Rhf8 22.Rh3 Nf6
23.Qxc4 Nxe4 24.Qxc7+ Rxc7 25.Nxe4 Bxe4 26.Kd2 Rc6 27.Bb1 Bxb1 28.Rxb1 Rf6
29.Kd3 Kc8 30.Rg3 Kd7 31.a4 e5 32.d5 e4+ 33.Kxe4 Rxc3 34.Rc1 Ra3 35.Rc4 Rf7
36.d6 Kxd6 37.Rxg6+ Kd7 38.Bxh6 Re7+ 39.Kf5 Re5+ 40.Kf4 Bh8 41.Rd4+ Ke7 42.Bg5+ Rxg5
43.Re4+ Re5 44.Rxe5+ Bxe5+ 45.Kxe5 Rxa4 46.g4 Ra5+ 47.Ke4 Kf7 48.Rc6 b5 49.h5 b4
50.Rc7+ Kf6 51.Rb7 Kg5 52.Rg7+ Kh6 53.Rb7 Kg5 54.Rg7+ Kh6 55.Rb7  1/2-1/2

[Event "LTC Open A"]
[Site "Leiden NED"]
[Date "2009.07.19"]
[Round "9"]
[White "Sanikidze,T"]
[Black "Lalith,B"]
[Result "0-1"]
[WhiteElo "2559"]
[BlackElo "2472"]

1.d4 Nf6 2.c4 e6 3.Nf3 b6 4.a3 Bb7 5.Nc3 d5 6.cxd5 Nxd5 7.e3 g6 8.Bb5+ c6
9.Bd3 Bg7 10.O-O O-O 11.Na4 Nd7 12.e4 Ne7 13.Bg5 Rc8 14.Rc1 h6 15.Be3 Kh7
16.h4 Nf6 17.Qe2 h5 18.Ne5 Nd7 19.Nc4 Qc7 20.Nc3 e5 21.dxe5 Nxe5 22.Nxe5 Qxe5
23.f4 Qf6 24.f5 Qe5 25.Kh1 Ng8 26.Bf4 Qe7 27.Bg5 Qe5 28.Bf4 Qe7 29.e5 Qxh4+
30.Kg1 Bh6 31.Qe3 c5 32.Ne4 Rcd8 33.Nd6 Bd5 34.fxg6+ fxg6 35.Bxg6+ Kxg6 36.Qd3+ Kg7
37.Nf5+ Rxf5 38.Qxf5 Qg4 39.Bxh6+ Nxh6 40.Qf6+ Kh7 41.Qe7+ Qg7 42.Qxg7+ Kxg7
43.Rcd1 Rd7 44.Rf6 Nf7 45.Rf3 Nxe5 46.Rf5 Bf7 47.Rdf1 Ng4 48.Rg5+ Bg6  0-1

[Event "TCh Eur-Youth U18"]
[Site "Pardubice CZE"]
[Date "2009.07.20"]
[Round "5"]
[White "Graf,F"]
[Black "Mihok,O"]
[Result "0-1"]
[WhiteElo "2291"]
[BlackElo "2357"]

1.d4 Nf6 2.c4 e6 3.Nf3 b6 4.a3 Ba6 5.Qc2 Bb7 6.Nbd2 c5 7.e4 cxd4 8.e5 Ng4
9.h3 Nh6 10.Ne4 d5 11.exd6 Nf5 12.c5 bxc5 13.Bb5+ Nd7 14.Bxd7+ Qxd7 15.Ne5 Qb5
16.d7+ Ke7 17.a4 Qb6 18.O-O f6 19.a5 Qc7 20.Qxc5+ Kd8 21.Nf7+ Kxd7 22.Qxc7+ Kxc7
23.Nxh8 Bxe4 24.Nf7 Kd7 25.Bf4 g5 26.Nxg5 fxg5 27.Bxg5 Bd6 28.f3 Bd3 29.Rf2 Rg8
30.Rd1 Bb5 31.Bc1 d3 32.Rfd2 Nd4  0-1

[Event "13th Battle of Senta Open A"]
[Site "Senta SRB"]
[Date "2009.07.20"]
[Round "4"]
[White "Restas,P"]
[Black "Milosevic,Rad"]
[Result "0-1"]
[WhiteElo "2301"]
[BlackElo "2104"]

1.d4 Nf6 2.Nf3 e6 3.c4 b6 4.a3 Bb7 5.Nc3 Ne4 6.Nxe4 Bxe4 7.e3 d6 8.Be2 Be7
9.O-O Nd7 10.Nd2 Bb7 11.Bd3 Nf6 12.e4 O-O 13.Qe2 e5 14.d5 g6 15.Kh1 Nh5 16.g3 Bg5
17.Nf3 Bxc1 18.Raxc1 a5 19.Nh4 Qg5 20.Ng2 f6 21.f4 Qh6 22.Qe3 Bc8 23.f5 Qxe3
24.Nxe3 Bd7 25.Ra1 a4 26.Nd1 c5 27.dxc6 Bxc6 28.Kg1 g5 29.Nc3 Rfd8 30.Rad1 Kf8
31.Rd2 Ke7 32.Rc1 Ng7 33.Be2 Ra5 34.Kf2 Ne8 35.h4 gxh4 36.gxh4 Kf8 37.Rg1 Ra7
38.Ke3 Rg7 39.Rxg7 Kxg7 40.Bd1 Ra8 41.Bh5 Rd8 42.Bxe8 Bxe8 43.Nd5 Bc6 44.Nc7 Kh6
45.Ne6 Rd7 46.Rh2 b5 47.Rc2 Kh5 48.cxb5 Bxb5 49.Nc7 Bf1 50.Nd5 Kxh4 51.Nxf6 Rb7
52.Nd5 h5 53.f6 Bh3 54.Nc7 Rb8 55.f7 Rf8 56.Rf2 Bd7 57.Rf6 Kg5 58.Nd5 h4
59.Kf3 Bg4+ 60.Kg2 Bh5 61.Rf5+ Kh6 62.Nf6 Bxf7 63.Nd7 Rg8+ 64.Kh2 Be6 65.Rf6+ Rg6
66.Rxg6+ Kxg6 67.Nb6 Bb3 68.Nc8 Kg5 69.Nxd6 Kf4 70.Kh3 Bc2 71.Kxh4 Bxe4 72.Nc4 Bd5
73.Nd2 e4 74.Nb1 e3 75.Nc3 Bb3 76.Ne2+ Kf3 77.Nd4+ Kf2 78.Kg4 e2  0-1

[Event "Corporation Centre Cup"]
[Site "Izhevsk RUS"]
[Date "2009.07.21"]
[Round "7"]
[White "Ovetchkin,R"]
[Black "Vokarev,S"]
[Result "1-0"]
[WhiteElo "2548"]
[BlackElo "2517"]

1.d4 Nf6 2.Nf3 e6 3.c4 b6 4.a3 Bb7 5.Nc3 d5 6.Bg5 Be7 7.Bxf6 Bxf6 8.cxd5 exd5
9.Qa4+ Qd7 10.Qxd7+ Nxd7 11.e3 a6 12.g3 Be7 13.Bg2 Bd6 14.Nd2 Nf6 15.Nc4 Be7
16.g4 h6 17.h4 Rd8 18.Ne5 Bd6 19.f3 Nd7 20.Nd3 O-O 21.g5 Rfe8 22.Kd2 f6 23.gxh6 gxh6
24.Bh3 Kf7 25.Rag1 c6 26.Ne2 Bc8 27.f4 Rg8 28.Ng3 Nf8 29.Bxc8 Rxc8 30.Nf5 Rxg1
31.Rxg1 Ke6 32.Nxh6 f5 33.Rg5 Nh7 34.Rg6+ Nf6 35.Ne5 Be7 36.Nf3 Rf8 37.Ng5+ Kd7
38.Nxf5  1-0

[Event "ch-Africa"]
[Site "Tripoli LBA"]
[Date "2009.07.22"]
[Round "2"]
[White "Kaabi,M"]
[Black "Arab,A"]
[Result "1/2-1/2"]
[WhiteElo "2313"]
[BlackElo "2432"]

1.d4 Nf6 2.c4 e6 3.Nf3 b6 4.a3 Bb7 5.Nc3 d5 6.Bg5 Be7 7.e3 O-O 8.Bxf6 Bxf6
9.cxd5 exd5 10.Be2 Nd7 11.Rc1 c5 12.O-O a6 13.dxc5 Nxc5 14.Nd4 Rc8 15.Bg4 Rc7
16.Rc2 Ne4 17.Qd3 g6 18.Rfc1 Nc5 19.Qf1 Bxd4 20.exd4 Nb3 21.Rd1 Qh4 22.f3 Rc4
23.g3 Qd8 24.Qf2 b5 25.f4 Qf6 26.Re2 Rxd4 27.Rxd4 Qxd4 28.Re7 Bc6 29.Qxd4 Nxd4
30.Kf2 h5 31.Bh3 b4 32.axb4 Rb8 33.Na2 a5 34.Rc7 Ba4 35.Rc8+ Rxc8 36.Bxc8 Bb3
37.Nc1 axb4 38.Ke3 Nc2+ 39.Kd2 Na1 40.Nd3 Nc2 41.Nc5 Na1 42.Na6 Bc4 43.Nxb4 Nb3+
44.Kc3 Nc5 45.Kd4 Na4 46.Bb7  1/2-1/2